Pourquoi nos ancêtres allaient-ils à Jérusalem? (Record no. 538970)
[ view plain ]
| 000 -CABECERA | |
|---|---|
| Campo de control de longitud fija | 00414nab a2200145Ia 4500 |
| 003 - IDENTIFICADOR DEL NÚMERO DE CONTROL | |
| Campo de control | ES-SlBCS |
| 005 - FECHA Y HORA DE LA ÚLTIMA TRANSACCIÓN | |
| Campo de control | 20210601125957.0 |
| 008 - CÓDIGOS DE INFORMACIÓN DE LONGITUD FIJA | |
| Campo de control de longitud fija | 140529s1969 xxu||||| |||| 00| 0 fre d |
| 041 ## - CÓDIGO DE LENGUA | |
| Código de lengua del texto/banda sonora o título independiente | fre |
| 100 1# - PUNTO DE ACCESO PRINCIPAL-NOMBRE DE PERSONA | |
| Nombre de persona | Daoust, Joseph |
| 9 (RLIN) | 166689 |
| 245 00 - MENCIÓN DE TÍTULO | |
| Título | Pourquoi nos ancêtres allaient-ils à Jérusalem? |
| Mención de responsabilidad, etc. | Joseph Daoust |
| 651 #4 - PUNTO DE ACCESO ADICIONAL DE MATERIA-NOMBRE GEOGRÁFICO | |
| Nombre geográfico | Jerusalén |
| 9 (RLIN) | 92390 |
| 773 0# - ENLACE AL DOCUMENTO FUENTE | |
| Título | Bible |
| Parte(s) relacionada(s) | nº. 90, 1969, págs. 80-85 |
| Número de control del registro relacionado | Rev857 |
| 942 ## - ENTRADA DE ELEMENTOS AGREGADOS (KOHA) | |
| Koha [por defecto] tipo de item | Artículos de revista |
| Suprimido | Perdido | Estropeado | No para préstamo | Localización permanente | Localización actual | Localización en estantería | Fecha adquisición | Préstamos totales | Fecha última consulta | Fecha del precio de reemplazo | Tipo de item de Koha |
|---|---|---|---|---|---|---|---|---|---|---|---|
| San Esteban | San Esteban | Depósito de revistas | 11/07/2014 | 11/07/2014 | 11/07/2014 | Artículos de revista |
